1181 1924 1980 1933 1716 1191 1318 1787 1423 1614 1093 1485 1176 1327 1233 1884 1928 1486 1563 1279 1169 1044 1455 1306 1377 1741 1804 1070 1248 1331 1915 1896 1022 1750 1801 1864 1499 1457 1739 1832 1683 1587 1799 1466 1054 1528 1012 1812 1806 1620 1590 1576 1391 1042 1796 1245 1446 1964 1490 1291 1226 1514 1242 1274 1888 1653 1377 1566 1262 1898 1482 1536 1977 1171 1930 1010 1281 1395 1852 1570 1564 1217 1452 1710 1391 1772 1751 1801 1808 1193 1434 1894 1730 1238 1960 1320 1031 1464 1320 BCNSPRNW ULIB Ver.6.0+V

เปลี่ยนเป็นภาษาไทย

Change to English
 แสดงรายละเอียดบรรณานุกรม
  กลับหน้าหลัก

Brief Record : Get Marc (ISO 2709) : E-mail record : QR code < ปิดหน้าต่าง
LEADER : 00000nam 2200000uu 4500
001    13399112617
003     ULIB
008    110829s2547||||th 000 0 tha d
020    9746109669 (ล.2)
050  4 HQ793^bส719พ ล.2 2547
245 00 พัฒนาการวัยรุ่นและการอบรม หน่วยที่ 9-15=^bAdolescent development and upbringing /^cสาขาวิชาคหกรรมศาสตร์ มหาวิทยาลัยสุโขทัยธรรมาธิราช
246 31 Adolescent development and upbringing
250    พิมพ์ครั้งที่ 9
260    กรุงเทพฯ :^bฝ่ายการพิมพ์ มสธ.,^c2547
300    2 เล่ม
500    เอกสารการสอนชุดวิชาพัฒนาการวัยรุ่นและการอบรม
650  4 เด็ก^xการบริบาลและสุขวิทยา
650  4 วัยรุ่น
710 2  มหาวิทยาลัยสุโขทัยธรรมาธิราช. ^bสาขาวิชาคหกรรมศาสตร์
740 02 เอกสารการสอนชุดวิชาพัฒนาการวัยรุ่นและการอบรม
945    ^p0^l0^i018929
995    ทศพร
999 ^a ทศพร
รายการนี้ยังไม่มีแท็ก
คุณยังไม่ได้ล็อกอิน คุณสามารถมีกิจกรรมร่วมกับเว็บไซต์ได้ แต่ต้องล็อกอินก่อน ::
  ล็อกอิน

รายการสื่อสารสนเทศ

ลำดับที่ ประเภท เลขเรียก/บาร์โค้ด สถานที่ สถานะ
- ไม่พบข้อมูล -

รายการใกล้เคียง
    หัวเรื่อง [วัยรุ่น]

BibComment


ยังไม่เคยถูกคอมเมนท์

คอมเมนท์ทรัพยากรรายการนี้
  คอมเมนท์: พัฒนาการวัยรุ่นแล..


 Copyright 2026. Bcnsprnw @Library